000 00549nam a2200181Ia 4500
999 _c34159
_d34159
003 OSt
005 20200918095134.0
008 190216s9999||||xx |||||||||||||| ||und||
020 _a9788131711187
040 _coclc
082 _a620.5
_bFOS/N
100 _aFoster, Lynn E
_94719
245 0 _aNanotechnology:
_bScience, Innovation and Opportunity /
_cLynn E Foster
260 _bPearson Education International,
_aNew Delhi:
_c2007.
300 _a283p
650 _aPhysics
942 _cBK
_2ddc
_h620.5
_iFOS/N
_k620.5
_mFOS/N